Tous les pays de Super Mario Odyssey - Statistiques

Statistiques générales
  • Ce quiz a été pris 63 fois
  • Le résultat moyen est 14 sur 17
Statistiques - réponses
Réponse % Correct
Pays des Chapeaux
92%
Pays de la Forêt
91%
Pays de la Lune
89%
Pays de la Mer
89%
Pays des Nuages
87%
Pays des Sables
87%
Pays du Lac
87%
Pays de Bowser
85%
Pays de la Cuisine
85%
Pays Perdu
79%
Pays des Ruines
77%
Royaume Champignon
75%
Pays des Chutes
72%
Côté Obscur
70%
Pays des Neiges
68%
Côté Très Obscur
66%
Pays des Gratte-ciel
64%
Aucun quiz correspondant
Distribution des résultats
% des personnes avec chaque résultat
Percentile par nombre de réponses
Votre historique - résultats
Vous n’avez pas pris ce quiz